[Event "Mechanics' Fall TNM; 30/90, SD/30"]
[Site "San Francisco"]
[Date "2013.11.26"]
[Round "6.31"]
[White "Simpkins, Jerry"]
[Black "Frank, Robert"]
[Result "1-0"]
[WhiteElo "1571"]
[BlackElo "1389"]
[PlyCount "89"]
[EventDate "2013.??.??"]

1. e4 e5 2. Nf3 Nf6 3. Nxe5 d6 4. Nf3 Nxe4 5. Bc4 d5 6. Be2 Be7 7. d4 O-O 8.
Nc3 Bf5 9. O-O c6 10. Ne5 Nd7 11. Bf4 Bh4 12. Bg4 Nxf2 13. Rxf2 Bxf2+ 14. Kxf2
Bxg4 15. Qxg4 Nf6 16. Qf3 Qb6 17. Nd3 Rae8 18. Bd6 Ne4+ 19. Nxe4 Qxd4+ 20. Qe3
Rxe4 21. Qxd4 Rxd4 22. Bxf8 Kxf8 23. Re1 Re4 24. Rxe4 dxe4 25. Nc5 f5 26. Nxb7
Ke7 27. h4 g6 28. Ke3 Kd7 29. Nc5+ Kd6 30. b4 Kd5 31. g4 a5 32. a3 axb4 33.
axb4 Kc4 34. gxf5 gxf5 35. Na6 Kc3 36. Nb8 Kxb4 37. Nxc6+ Kc3 38. Ne7 Kxc2 39.
Nxf5 Kd1 40. Kxe4 Ke2 41. h5 Kf2 42. Kf4 Kg2 43. Kg5 Kh3 44. Kh6 Kg4 45. Ng7
1-0

[Event "Mechanics' Neil Falconer TNM; 30/90, SD"]
[Site "San Francisco"]
[Date "2013.09.03"]
[Round "5.26"]
[White "Simpkins, Jerry"]
[Black "Gullickson, William"]
[Result "1-0"]
[WhiteElo "1465"]
[BlackElo "1669"]
[PlyCount "117"]
[EventDate "2013.??.??"]

1. e4 c5 2. f4 d5 3. e5 Nc6 4. c3 Bf5 5. Nf3 e6 6. Bb5 Nge7 7. d4 a6 8. Bd3
cxd4 9. cxd4 Qb6 10. Nc3 Nxd4 11. Nxd4 Bg4 12. Qa4+ Nc6 13. Bb5 Rc8 14. Bxc6+
bxc6 15. Rb1 Bb4 16. Nb3 O-O 17. a3 Bxc3+ 18. bxc3 Bf5 19. Rb2 Bd3 20. Qd4 Qxd4
21. cxd4 Rb8 22. Nc5 Rxb2 23. Bxb2 Bc4 24. Kd2 Rb8 25. Kc2 h5 26. Rb1 Kh7 27.
Bc3 Ra8 28. Rb7 Kg6 29. Rb6 Kf5 30. g3 h4 31. Rxc6 hxg3 32. hxg3 Rh8 33. Rc7
Rh2+ 34. Kc1 Kg6 35. Ra7 Rg2 36. Be1 Ra2 37. a4 Ra1+ 38. Kd2 Ra2+ 39. Kc3 Re2
40. Bd2 Rg2 41. Nxa6 Rxg3+ 42. Kb4 Rb3+ 43. Ka5 Rd3 44. Bc1 Rxd4 45. Nc5 Rd1
46. Be3 Re1 47. Bf2 Re2 48. Bh4 d4 49. Rb7 d3 50. Rb1 Rc2 51. Rd1 d2 52. Ne4
Kf5 53. Nxd2 Be2 54. Rg1 Rxd2 55. Rxg7 Rd7 56. Bg5 Rb7 57. Rg8 Bd1 58. Rd8 Rb1
59. Rd4 {Both players quit keeping score at this point.} 1-0

[Event "Mechanics' Summer TNM; 30/90, SD/30"]
[Site "San Francisco"]
[Date "2013.07.16"]
[Round "8.20"]
[White "Simpkins, Jerry"]
[Black "Kottcamp, Jeffrey"]
[Result "0-1"]
[WhiteElo "1441"]
[BlackElo "1782"]
[PlyCount "72"]
[EventDate "2013.??.??"]

1. e4 c5 2. f4 d5 3. e5 Nc6 4. c3 d4 5. d3 e6 6. Nf3 Nge7 7. Nbd2 Nd5 8. Ne4 b6
9. g3 Be7 10. Nfg5 h6 11. Qh5 g6 12. Qh3 Bb7 13. Nf3 Qd7 14. Be2 O-O-O 15. Bd2
f5 16. Nf2 g5 17. fxg5 hxg5 18. Qf1 g4 19. Ng5 Ne3 20. Bxe3 dxe3 21. Nf7 exf2+
22. Kxf2 Rhf8 23. Nxd8 Nxd8 24. Rg1 f4 25. Qd1 f3 26. Bf1 Nc6 27. d4 cxd4 28.
Bb5 d3 29. a4 Qd5 30. Qxd3 Nxe5 31. Qxd5 Bxd5 32. Rge1 Bd6 33. Rad1 Kc7 34. c4
Nxc4 35. Bxc4 Bxc4 36. Rc1 Bc5+ 0-1

[Event "Mechanics' Neil Falconer TNM; 30/90, SD"]
[Site "San Francisco"]
[Date "2013.09.17"]
[Round "7.19"]
[White "Simpkins, Jerry"]
[Black "McCarty-Snead, Callaghan"]
[Result "0-1"]
[WhiteElo "1465"]
[BlackElo "1736"]
[PlyCount "80"]
[EventDate "2013.??.??"]

1. e4 e5 2. Nf3 Nc6 3. Bc4 Bc5 4. c3 Nf6 5. d4 exd4 6. e5 d5 7. exf6 dxc4 8.
fxg7 Rg8 9. Bg5 Be7 10. h4 d3 11. Qa4 Bxg5 12. hxg5 Qe7+ 13. Kd2 Qe2+ 14. Kc1
b5 15. Qd1 Qxd1+ 16. Kxd1 Rxg7 17. Nbd2 Be6 18. Ne4 O-O-O 19. Kd2 Bd5 20. Nf6
Bxf3 21. gxf3 Rxg5 22. Rxh7 Rg2 23. Rf1 Ne5 24. Rh3 Rg6 25. Ne4 Re8 26. f4 Nf3+
27. Rxf3 Rxe4 28. Re3 Rxe3 29. Kxe3 Re6+ 30. Kd2 Re2+ 31. Kd1 Re4 32. Kd2 Rxf4
33. Ke3 Rf6 34. f4 Kd7 35. f5 Rd6 36. Kd2 Kc6 37. Ke3 f6 38. Kf4 a5 39. a3 d2
40. Rd1 Rd3 0-1

[Event "Mechanics' Winter TNM; 30/90, SD/30"]
[Site "San Francisco"]
[Date "2013.02.19"]
[Round "7.31"]
[White "Simpkins, Jerry"]
[Black "Murugappan, Ganesh"]
[Result "0-1"]
[WhiteElo "1339"]
[BlackElo "1660"]
[PlyCount "82"]
[EventDate "2013.??.??"]

1. e4 c5 2. f4 d6 3. c3 Nc6 4. Bc4 Nf6 5. Qe2 Bg4 6. Nf3 e6 7. e5 dxe5 8. fxe5
Bxf3 9. gxf3 Nd7 10. f4 Qh4+ 11. Qf2 Be7 12. d3 Qh6 13. Qg2 Ndxe5 14. Na3 Bh4+
15. Kf1 Nxc4 16. Nxc4 Be7 17. Rg1 O-O 18. Ne5 Nxe5 19. fxe5 Qg6 20. Qe2 Qf5+
21. Ke1 Bh4+ 22. Kd1 Kh8 23. Kc2 c4 24. Qe4 cxd3+ 25. Qxd3 Qxd3+ 26. Kxd3 Rfd8+
27. Ke4 Rd7 28. Be3 b6 29. Rg4 Bd8 30. Rag1 g6 31. Bh6 Rc8 32. Ke3 Rc5 33. Re4
Bc7 34. Bg5 Bxe5 35. Rf1 Bxc3 36. bxc3 Rxg5 37. Rc4 Re5+ 38. Re4 Rxe4+ 39. Kxe4
Kg7 40. Ke5 Rd5+ 41. Ke4 Rd2 0-1

[Event "Mechanics' Winter TNM; 30/90, SD/30"]
[Site "San Francisco"]
[Date "2013.01.22"]
[Round "3.37"]
[White "Simpkins, Jerry"]
[Black "Otterbach, Renate"]
[Result "1-0"]
[WhiteElo "1339"]
[BlackElo "807"]
[PlyCount "65"]
[EventDate "2013.??.??"]

1. e4 e6 2. d4 d5 3. e5 Ne7 4. f4 Nf5 5. Nf3 c5 6. c3 Qb6 7. Bd3 Bd7 8. Bxf5
exf5 9. Qe2 Bb5 10. Qc2 Qg6 11. Nh4 Qg4 12. g3 Qh5 13. Nxf5 Nd7 14. a4 Ba6 15.
Ne3 f6 16. Nxd5 Bc4 17. Nc7+ Kf7 18. Nxa8 Be7 19. Na3 Ba6 20. Nc7 cxd4 21. Nxa6
bxa6 22. Qb3+ Kg6 23. Qe6 Qf3 24. Rf1 Qe4+ 25. Kf2 d3 26. Qxe7 Qe2+ 27. Kg1 d2
28. Bxd2 Qxd2 29. Nc4 Qd3 30. Nd6 Qe3+ 31. Rf2 Nc5 32. Qf7+ Kh6 33. Nf5# 1-0

[Event "Mechanics' Neil Falconer TNM; 30/90, SD"]
[Site "San Francisco"]
[Date "2013.08.13"]
[Round "2.24"]
[White "Simpkins, Jerry"]
[Black "Poling, Scott"]
[Result "1-0"]
[WhiteElo "1465"]
[BlackElo "1751"]
[PlyCount "59"]
[EventDate "2013.??.??"]

1. e4 e6 2. f4 d5 3. e5 c5 4. c3 Nc6 5. Nf3 d4 6. d3 Nh6 7. Nbd2 Be7 8. Ne4 f5
9. Neg5 Nf7 10. h4 h6 11. Nxf7 Kxf7 12. Qe2 g6 13. h5 g5 14. fxg5 hxg5 15. h6
g4 16. Nd2 Bh4+ 17. Kd1 Bg5 18. Nc4 Bxc1 19. Nd6+ Kg6 20. Rxc1 Qg5 21. g3 Rxh6
22. Rxh6+ Qxh6 23. Bg2 Qh2 24. Kc2 Qxg3 25. Bxc6 bxc6 26. Rh1 Ba6 27. c4 Rg8
28. Qd2 Qe3 29. Qh2 Qg5 30. Qh7# 1-0

[Event "Mechanics' Spring TNM; 30/90, SD/30"]
[Site "San Francisco"]
[Date "2013.04.02"]
[Round "3.36"]
[White "Simpkins, Jerry"]
[Black "Shaughnessy, Elizabeth"]
[Result "1-0"]
[WhiteElo "1317"]
[BlackElo "1574"]
[PlyCount "55"]
[EventDate "2013.??.??"]

1. e4 e5 2. Nf3 Nc6 3. Bc4 Bc5 4. c3 Nf6 5. d4 exd4 6. cxd4 Bb4+ 7. Bd2 Bxd2+
8. Nbxd2 O-O 9. e5 (9. d5) 9... Nh5 (9... d5) 10. Ne4 $2 (10. d5 $1) 10... d5
$1 11. exd6 cxd6 12. d5 Ne7 13. O-O Ng6 14. g3 Bg4 15. Be2 Re8 16. Nfg5 $2 Bxe2
17. Qxe2 Qxg5 18. Rfe1 Qe5 19. Qb5 Qd4 20. Nxd6 Rxe1+ 21. Rxe1 Nf6 22. Qxb7
Qxd5 23. Qc7 Nf8 24. Re7 Ne6 25. Qb7 Qxb7 26. Rxb7 Nd8 27. Re7 h6 28. a4 {
The score goes bad at this point. Black is much better but went on to lose.}
1-0

[Event "Mechanics' Summer TNM; 30/90, SD/30"]
[Site "San Francisco"]
[Date "2013.06.18"]
[Round "4.25"]
[White "Simpkins, Jerry"]
[Black "Sherwood, Peter"]
[Result "0-1"]
[WhiteElo "1441"]
[BlackElo "1789"]
[PlyCount "124"]
[EventDate "2013.??.??"]

1. e4 e6 2. f4 d5 3. e5 c5 4. c3 Nc6 5. Nf3 Qb6 6. d4 Nh6 7. Bd3 Bd7 8. Bc2
cxd4 9. cxd4 Nf5 10. Bxf5 exf5 11. Nc3 Be6 12. Rb1 Bb4 13. Be3 Qa6 14. a3 Bxc3+
15. bxc3 Qxa3 16. Rb3 Qa6 17. Kf2 O-O 18. Qc2 Rfc8 19. Ng5 b6 20. g4 g6 21.
Nxe6 fxe6 22. gxf5 exf5 23. h4 Kf7 24. h5 Rh8 25. h6 Qc4 26. Rhb1 Rhc8 27. Qe2
Ne7 28. Qxc4 Rxc4 29. Bd2 Ke6 30. Ke2 Rb8 31. Kd3 Ng8 32. Rb4 Rxb4 33. cxb4
Nxh6 34. Rc1 Rb7 35. Rc6+ Ke7 36. b5 Nf7 37. Bb4+ Ke8 38. e6 Nd8 39. Rc8 Rg7
40. e7 Rxe7 41. Bxe7 Kxe7 42. Rc7+ Kf6 43. Rxh7 Nf7 44. Rh1 Nd6 45. Rb1 g5 46.
fxg5+ Kxg5 47. Rg1+ Kf6 48. Rb1 f4 49. Kc3 Kf5 50. Kb4 f3 51. Ra1 Ke4 52. Rxa7
f2 53. Ra1 Ke3 54. Ra3+ Ke2 55. Ra2+ Kf3 56. Ra3+ Kg2 57. Ra2 Kg1 58. Ra6 Nc4
59. Rxb6 Nxb6 60. Kc5 Nc8 61. b6 Nxb6 62. Kxb6 f1=Q 0-1

[Event "Mechanics' Spring TNM; 30/90, SD/30"]
[Site "San Francisco"]
[Date "2013.03.19"]
[Round "1.29"]
[White "Simpkins, Jerry"]
[Black "Sherwood, Peter"]
[Result "0-1"]
[WhiteElo "1317"]
[BlackElo "1812"]
[PlyCount "98"]
[EventDate "2013.??.??"]

1. e4 e6 2. d4 d5 3. e5 c5 4. c3 Nc6 5. Bb5 Qb6 6. Bxc6+ bxc6 7. f4 Ne7 8. Nf3
Ba6 9. g4 g6 10. Na3 h5 11. g5 Nf5 12. Nc2 Kd7 13. Rb1 Qa5 14. Bd2 Qb5 15. Ne3
Qd3 16. Nxf5 Qxf5 17. Kf2 Bd3 18. Nh4 Qh3 19. Nf3 Bxb1 20. Qxb1 Qf5 21. Qd1 Qd3
22. Qa4 Qb5 23. Qc2 Rb8 24. Rb1 Be7 25. Be3 Rb7 26. dxc5 Bxc5 27. Bxc5 Qxc5+
28. Nd4 Qc4 29. b3 Qc5 30. b4 Qc4 31. Nb3 Qxf4+ 32. Ke2 Qxh2+ 33. Kd3 Qxc2+ 34.
Kxc2 Kc7 35. Rf1 Rh7 36. Nc5 Rb5 37. a4 Rxc5 38. bxc5 h4 39. Kd2 h3 40. Rh1 h2
41. Ke2 Kb7 42. a5 Ka6 43. Kf2 Kxa5 44. Kg2 Kb5 45. Rb1+ Kxc5 46. Kh1 Kc4 47.
Rb7 Kxc3 48. Rxa7 Kd4 49. Rc7 c5 0-1

[Event "Mechanics' Neil Falconer TNM; 30/90, SD"]
[Site "San Francisco"]
[Date "2013.09.24"]
[Round "8.22"]
[White "Simpkins, Jerry"]
[Black "Standen, Julian"]
[Result "1/2-1/2"]
[WhiteElo "1465"]
[BlackElo "1625"]
[PlyCount "61"]
[EventDate "2013.??.??"]

1. e4 d5 2. e5 c5 3. c3 Bf5 4. f4 e6 5. d4 Nc6 6. Nf3 Qb6 7. Qb3 Qxb3 8. axb3
cxd4 9. cxd4 Bb4+ 10. Nc3 Nge7 11. Be2 O-O 12. O-O Rfc8 13. Be3 Bc2 14. Bd1
Bxd1 15. Rfxd1 Nf5 16. Bf2 g6 17. h3 h5 18. g4 hxg4 19. hxg4 Ng7 20. Bh4 Kf8
21. Bf6 Ne8 22. g5 Nxf6 23. gxf6 Ke8 24. Kg2 Kd7 25. Rh1 Rh8 26. Raf1 Rac8 27.
Ng5 Rxh1 28. Rxh1 Nd8 29. Rh7 Ke8 30. Rh8+ Kd7 31. Rh7 1/2-1/2

[Event "Mechanics' Winter TNM; 30/90, SD/30"]
[Site "San Francisco"]
[Date "2013.02.05"]
[Round "5.33"]
[White "Simpkins, Jerry"]
[Black "Standen, Julian"]
[Result "1-0"]
[WhiteElo "1339"]
[BlackElo "1649"]
[Annotator "Donaldson"]
[PlyCount "29"]
[EventDate "2013.??.??"]

1. e4 c6 2. e5 d5 3. f4 e6 4. d4 c5 5. c3 Nc6 6. Nf3 cxd4 7. cxd4 Bb4+ 8. Nc3
Nge7 9. Bd3 O-O 10. Bxh7+ $1 Kxh7 11. Ng5+ Kg6 (11... Kg8 12. Qh5 Re8 13. f5
Nxf5 14. Qxf7+ Kh8 15. Qh5+ Kg8 16. O-O Qd7 17. Nxd5 exd5 18. Qh7+ Kf8 19. e6
Rxe6 20. Rxf5+) 12. Qg4 f5 13. Qg3 Kh6 $4 (13... Qe8 14. Nxe6+ Kf7 15. Nxf8
Qxf8 16. Be3) 14. Qh4+ Kg6 15. Qh7# 1-0

[Event "Mechanics' Summer TNM; 30/90, SD/30"]
[Site "San Francisco"]
[Date "2013.06.04"]
[Round "2.22"]
[White "Simpkins, Jerry"]
[Black "Starr, Albert"]
[Result "1-0"]
[WhiteElo "1441"]
[BlackElo "1627"]
[PlyCount "43"]
[EventDate "2013.??.??"]

1. e4 e6 2. d4 c5 3. c3 a6 4. e5 b5 5. f4 Bb7 6. Nf3 Qc7 7. Be3 d6 8. Bd3 Nd7
9. O-O O-O-O 10. a4 c4 11. Be2 f6 12. axb5 axb5 13. Na3 Bc6 14. Nc2 dxe5 15.
fxe5 fxe5 16. Ng5 Nc5 17. Nxe6 Nxe6 18. Bg4 Rd6 19. Rxf8+ Kb7 20. Bxe6 Rxe6 21.
d5 Qe7 22. Ra7# 1-0

[Event "Mechanics' Fall TNM; 30/90, SD/30"]
[Site "San Francisco"]
[Date "2013.11.05"]
[Round "3.13"]
[White "Simpkins, Jerry"]
[Black "Todortsev, Victor"]
[Result "1/2-1/2"]
[WhiteElo "1571"]
[BlackElo "1932"]
[Annotator "Donaldson"]
[PlyCount "86"]
[EventDate "2013.??.??"]

1. e4 c5 2. f4 Nc6 3. c3 d5 4. e5 d4 5. d3 e6 6. Nf3 Nge7 7. Na3 Nf5 8. g4 Nh4
9. Ng5 Be7 10. Nc4 O-O 11. Ne4 b5 12. Ncd6 f6 13. Bh3 fxe5 14. Nxc8 Rxc8 15.
O-O c4 16. g5 Nf5 17. Qh5 Qe8 18. Qg4 cxd3 19. Nf6+ Bxf6 20. gxf6 Rxf6 21. Qf3
Qd7 22. Qxd3 Qd5 23. Bg2 Rg6 24. Rf2 e4 25. Qf1 d3 26. Kh1 Nh4 27. Be3 a5 28.
Rd1 Nxg2 29. Rxg2 Ne7 30. Rxg6 Nxg6 31. Qf2 b4 32. Qd2 Nh4 33. Rc1 Nf3 34. Qf2
e5 35. fxe5 Qxe5 36. c4 Rc6 37. Qg2 Rh6 $4 38. Bxh6 Kf7 39. Be3 g5 40. Rf1 Kg6
41. Rxf3 exf3 42. Qxf3 Qxb2 43. Qe4+ Kh6 {White is winning but after being
lost most of the game is happy to split the point.} 1/2-1/2

[Event "Mechanics' Fall TNM; 30/90, SD/30"]
[Site "San Francisco"]
[Date "2013.12.03"]
[Round "7.25"]
[White "Simpkins, Jerry"]
[Black "Vichik, Adam"]
[Result "0-1"]
[WhiteElo "1571"]
[BlackElo "1262"]
[PlyCount "82"]
[EventDate "2013.??.??"]

1. e4 e6 2. d4 d5 3. e5 c5 4. c3 Nc6 5. f4 Qb6 6. Nf3 Nh6 7. Bd3 Bd7 8. Bc2 Be7
9. O-O Rc8 10. Kh1 cxd4 11. cxd4 Nb4 12. Nc3 Nxc2 13. Qxc2 Nf5 14. Qd1 h5 15.
a4 Bb4 16. Qd3 Rc4 17. Rd1 Bxc3 18. bxc3 Bxa4 19. Re1 Bb5 20. Qc2 a6 21. Bd2
Nxd4 22. Nxd4 Qxd4 23. cxd4 Rxc2 24. Bb4 Kd7 25. Bc5 Rf2 26. g3 h4 27. Re3 hxg3
28. Rxg3 Rhxh2+ 29. Kg1 g6 30. Rc1 Re2 31. Bb6 Bc6 32. Rc5 Rh4 33. Rf3 Re4 34.
Rc2 Rexf4 35. Rxf4 Rxf4 36. Rh2 Rf5 37. Rh8 f6 38. Rh7+ Ke8 39. Rh8+ Kf7 40.
Bc7 Kg7 41. Re8 Bxe8 0-1

[Event "Mechanics' Fall TNM; 30/90, SD/30"]
[Site "San Francisco"]
[Date "2013.12.17"]
[Round "9.19"]
[White "Simpkins, Jerry"]
[Black "Weiss, Nicholas G"]
[Result "0-1"]
[WhiteElo "1571"]
[BlackElo "1191"]
[PlyCount "30"]
[EventDate "2013.??.??"]

1. e4 c5 2. f4 Nc6 3. Nf3 d6 4. c3 g6 5. Bc4 Nf6 6. e5 Nh5 7. d4 d5 8. Bd3 c4
9. Bc2 Bh6 10. g3 Bd7 11. O-O Qc7 12. Qe1 O-O-O 13. Na3 f6 14. Kg2 Ng7 15. Nd2
g5 {Cannot read game score} 0-1

[Event "Mechanics' Summer TNM; 30/90, SD/30"]
[Site "San Francisco"]
[Date "2013.07.02"]
[Round "6.18"]
[White "Simpkins, Jerry"]
[Black "Woebcke, Carl"]
[Result "1-0"]
[WhiteElo "1441"]
[BlackElo "1797"]
[PlyCount "43"]
[EventDate "2013.??.??"]

1. e4 c5 2. f4 e6 3. Nf3 d5 4. e5 Be7 5. c3 Nh6 6. d4 O-O 7. Bd3 Nf5 8. Bxf5
exf5 9. h4 Nc6 10. Na3 cxd4 11. cxd4 b6 12. Nc2 Ba6 13. Be3 Rc8 14. Kf2 f6 15.
Rc1 fxe5 16. dxe5 Bc5 17. Ncd4 Qd7 18. Ng5 Nxd4 19. Bxd4 h6 20. Nf3 Rfd8 21.
Kg3 Qa4 $4 22. Qxa4 1-0

[Event "Mechanics' Spring TNM; 30/90, SD/30"]
[Site "San Francisco"]
[Date "2013.04.23"]
[Round "6.24"]
[White "Solomonik, Edgar"]
[Black "Cox, Hank"]
[Result "1-0"]
[WhiteElo "1779"]
[BlackElo "1620"]
[PlyCount "41"]
[EventDate "2013.??.??"]

1. d4 Nf6 2. c4 g6 3. Nc3 Bg7 4. e4 d6 5. f4 O-O 6. Nf3 Bg4 7. Be2 c5 8. d5
Nbd7 9. O-O a6 10. Qc2 Rb8 11. a4 Nb6 12. a5 Nbd7 13. h3 Bxf3 14. Bxf3 b5 15.
axb6 Qxb6 16. Re1 Ne8 17. Qa4 Qb7 18. Qxa6 Qb4 19. Ra4 Nc7 20. Qc6 Qb3 21. Bd1
1-0

[Event "Mechanics' Spring TNM; 30/90, SD/30"]
[Site "San Francisco"]
[Date "2013.05.07"]
[Round "8.13"]
[White "Solomonik, Edgar"]
[Black "Delmonico, Nils"]
[Result "1/2-1/2"]
[WhiteElo "1779"]
[BlackElo "1969"]
[PlyCount "87"]
[EventDate "2013.??.??"]

1. d4 e6 2. c4 Nf6 3. Nf3 Bb4+ 4. Bd2 Qe7 5. g3 Nc6 6. Bg2 Bxd2+ 7. Qxd2 Ne4 8.
Qc2 Qb4+ 9. Nc3 Nxc3 10. Qxc3 Qxc3+ 11. bxc3 O-O 12. Rb1 d6 13. d5 Na5 14. Nd4
exd5 15. cxd5 Re8 16. Rb4 b6 17. Kd2 Nb7 18. e4 Nc5 19. Re1 Ba6 20. Re3 Bc8 21.
f4 a5 22. Rb1 Ba6 23. a3 Bc4 24. Kc2 Bxd5 25. Rbe1 Bb7 26. Nb5 Re7 27. Nd4 g6
28. Bf3 Rae8 29. e5 Bxf3 30. Nxf3 dxe5 31. Nxe5 f6 32. Ng4 Rxe3 33. Nxe3 Kf7
34. c4 c6 35. Kc3 Rd8 36. Kc2 Rd3 37. Nd1 Rxa3 38. Nc3 Na4 39. Ne4 Kg7 40. g4
Rf3 41. Nd6 Rf2+ 42. Kc1 Nc5 43. Re7+ Kf8 44. Re8+ 1/2-1/2

[Event "Mechanics' Summer TNM; 30/90, SD/30"]
[Site "San Francisco"]
[Date "2013.07.09"]
[Round "7.20"]
[White "Solomonik, Edgar"]
[Black "Gardiner, Paul"]
[Result "1-0"]
[WhiteElo "1775"]
[BlackElo "1650"]
[Annotator "Donaldson"]
[PlyCount "91"]
[EventDate "2013.??.??"]

1. d4 Nf6 2. c4 g6 3. Nc3 Bg7 4. e4 d6 5. f4 c5 6. d5 O-O 7. Nf3 e6 8. Bd3 exd5
9. cxd5 a6 (9... b5 10. Nxb5 Nxe4 11. Bxe4 Re8) 10. a4 Bg4 11. O-O Nbd7 12. Qb3
Bxf3 13. Rxf3 Qc7 14. a5 Rac8 15. Ra4 Rce8 16. Bd2 Kh8 17. Nb1 Ng8 18. Bc3 Ne7
19. Bxg7+ Kxg7 20. Qc3+ f6 21. Nd2 Rc8 22. Nc4 Kg8 23. Ne3 Rf7 24. Ng4 Kg7 25.
Bc4 h5 26. Ne3 Rcf8 27. g4 hxg4 28. Nxg4 Ng8 29. Re3 Re7 30. Ba2 Nh6 31. Rg3
Nxg4 32. Rxg4 Kf7 33. Qg3 Rg8 34. h4 Ree8 35. b3 b5 36. axb6 Qxb6 37. Kh1 Qb7
38. Qd3 Qb5 39. Bb1 Qxd3 40. Bxd3 f5 41. exf5 gxf5 42. Rxg8 Rxg8 43. Bxf5 Ke7
44. Rxa6 Rf8 45. Bxd7 Kxd7 46. Ra7+ 1-0

[Event "Mechanics' Spring TNM; 30/90, SD/30"]
[Site "San Francisco"]
[Date "2013.04.09"]
[Round "4.10"]
[White "Solomonik, Edgar"]
[Black "Grey, Peter"]
[Result "0-1"]
[WhiteElo "1779"]
[BlackElo "2015"]
[PlyCount "106"]
[EventDate "2013.??.??"]

1. d4 Nf6 2. c4 g6 3. Nc3 d5 4. cxd5 Nxd5 5. e4 Nxc3 6. bxc3 Bg7 7. Bc4 c5 8.
Ne2 Nc6 9. Be3 O-O 10. O-O cxd4 11. cxd4 Bg4 12. f3 Na5 13. Bxf7+ Rxf7 14. fxg4
Rxf1+ 15. Kxf1 e5 16. d5 Nc4 17. Qb3 Nd6 18. Qd3 b5 19. g3 a5 20. Nc3 Qd7 21.
h3 b4 22. Ne2 Rc8 23. Rc1 Rxc1+ 24. Nxc1 Qb5 25. Qxb5 Nxb5 26. Bb6 a4 27. Bc5
Bf8 28. Bxf8 Kxf8 29. Ke2 Ke7 30. Kd3 Nd6 31. g5 Kd7 32. Ne2 Kc7 33. g4 Kb6 34.
h4 Kc5 35. Ng3 Nb5 36. h5 b3 37. axb3 axb3 38. Nf5 gxf5 39. gxf5 Kb4 40. f6 b2
41. Kc2 Ka3 42. f7 Ka2 43. f8=Q b1=Q+ 44. Kd2 Qxe4 45. Qa8+ Kb3 46. Qb7 Qd4+
47. Ke2 Qc4+ 48. Ke3 Kc3 49. Qxh7 Qf4+ 50. Ke2 Nd4+ 51. Ke1 Qe3+ 52. Kf1 Qf3+
53. Kg1 Ne2+ 0-1

[Event "Mechanics' Winter TNM; 30/90, SD/30"]
[Site "San Francisco"]
[Date "2013.01.15"]
[Round "2.24"]
[White "Solomonik, Edgar"]
[Black "Jones, Clarence"]
[Result "1/2-1/2"]
[WhiteElo "1799"]
[BlackElo "1546"]
[PlyCount "90"]
[EventDate "2013.??.??"]

1. d4 Nf6 2. c4 e6 3. Nf3 d5 4. Nc3 Bb4 5. a3 Bxc3+ 6. bxc3 h6 7. Qc2 b6 8. g3
Bb7 9. Bg2 dxc4 10. O-O O-O 11. a4 a5 12. Ba3 Re8 13. Ne5 Bxg2 14. Kxg2 Nc6 15.
f3 Nxe5 16. dxe5 Nd7 17. Rad1 Qc8 18. f4 Nf8 19. Kg1 Qb7 20. Bxf8 Rxf8 21. Rd7
Rad8 22. Rfd1 Rxd7 23. Rxd7 Qc6 24. Qd1 Qc5+ 25. Kg2 Rb8 26. Rd8+ Rxd8 27.
Qxd8+ Kh7 28. Qe8 Qd5+ 29. Kf2 c6 30. Qxf7 b5 31. axb5 cxb5 32. f5 Qc5+ 33. e3
exf5 34. e6 Qd5 35. Qd7 Qh1 36. e7 Qxh2+ 37. Kf1 Qh1+ 38. Ke2 Qg2+ 39. Kd1 Qf1+
40. Kc2 Qg2+ 41. Kc1 Qf1+ 42. Kb2 Qe2+ 43. Ka3 Qc2 44. Qxb5 Qxc3+ 45. Ka2 Qc2+
1/2-1/2

[Event "Mechanics' Summer TNM; 30/90, SD/30"]
[Site "San Francisco"]
[Date "2013.06.18"]
[Round "4.29"]
[White "Solomonik, Edgar"]
[Black "McCarty-Snead, Callaghan"]
[Result "1/2-1/2"]
[WhiteElo "1775"]
[BlackElo "1622"]
[PlyCount "91"]
[EventDate "2013.??.??"]

1. d4 Nf6 2. c4 e6 3. Nf3 c5 4. d5 d6 5. Nc3 exd5 6. cxd5 g6 7. e4 Bg7 8. Be2
O-O 9. O-O Bg4 10. Nd2 Bxe2 11. Qxe2 Nbd7 12. Nc4 Nb6 13. Bf4 Nxc4 14. Qxc4 a6
15. a4 Qd7 16. Rfe1 Rfe8 17. h3 Nh5 18. Bh2 Be5 19. Re3 Bxh2+ 20. Kxh2 Re5 21.
Ne2 Rae8 22. f4 R5e7 23. g4 Nf6 24. Nc3 h5 25. g5 Nh7 26. Rae1 Qc7 27. h4 Nf8
28. e5 dxe5 29. d6 Qxd6 30. Nd5 Re6 31. fxe5 Rxe5 32. Nf6+ Kg7 33. Nxe8+ Rxe8+
34. Kg2 Rxe3 35. Rxe3 Qc6+ 36. Kf2 Ne6 37. Qc3+ Kg8 38. a5 Qh1 39. Rh3 Qd5 40.
Rf3 Qe4 41. Qf6 Qxh4+ 42. Kf1 Qh1+ 43. Kf2 Qh2+ 44. Kf1 Qh1+ 45. Kf2 Qh2+ 46.
Kf1 {after 46...Qc7 Black would have excellent chances to win.} 1/2-1/2

[Event "Mechanics' Fall TNM; 30/90, SD/30"]
[Site "San Francisco"]
[Date "2013.11.26"]
[Round "6.20"]
[White "Solomonik, Edgar"]
[Black "Nyangar, Enkhmaa"]
[Result "1-0"]
[WhiteElo "1806"]
[BlackElo "1570"]
[PlyCount "105"]
[EventDate "2013.??.??"]

1. d4 Nf6 2. c4 g6 3. Nc3 d5 4. cxd5 Nxd5 5. e4 Nxc3 6. bxc3 Bg7 7. Bc4 c5 8.
Ne2 Bg4 9. f3 Bd7 10. Qb3 O-O 11. Qxb7 Nc6 12. Be3 Rb8 13. Qa6 Na5 14. Bd3 c4
15. Bxc4 Rb6 16. Qxa5 Rb1+ 17. Rxb1 Qxa5 18. O-O Rc8 19. Bb3 Bb5 20. c4 Ba6 21.
Rfd1 e6 22. d5 exd5 23. exd5 Re8 24. Kf2 Qc7 25. d6 Qd8 26. Bxa7 Qh4+ 27. Ng3
Bxc4 28. Bxc4 Qxc4 29. Rd2 Rd8 30. Ne4 Bf8 31. Rb8 Rxb8 32. Bxb8 f5 33. d7 Be7
34. d8=Q+ Bxd8 35. Rxd8+ Kg7 36. Be5+ Kh6 37. Nc3 Qc5+ 38. Bd4 Qc7 39. Rd5 Qxh2
40. Bf6 Qc7 41. a4 Qb6+ 42. Bd4 Qb2+ 43. Ne2 Qb3 44. Ra5 Qd3 45. Ra7 g5 46. a5
f4 47. a6 Qg6 48. Rb7 Kh5 49. a7 Qa6 50. Rb8 g4 51. fxg4+ Kxg4 52. a8=Q Qd3 53.
Qf3+ 1-0

[Event "Mechanics' Winter TNM; 30/90, SD/30"]
[Site "San Francisco"]
[Date "2013.02.12"]
[Round "6.20"]
[White "Solomonik, Edgar"]
[Black "Rakonitz, David"]
[Result "1-0"]
[WhiteElo "1799"]
[BlackElo "1490"]
[PlyCount "71"]
[EventDate "2013.??.??"]

1. d4 Nf6 2. c4 e6 3. Nf3 b6 4. g3 Bb7 5. Bg2 Be7 6. Nc3 d5 7. Ne5 O-O 8. O-O
Nbd7 9. Nd3 Qc8 10. cxd5 Nxd5 11. e4 N5f6 12. f4 Rd8 13. e5 Bxg2 14. exf6 Nxf6
15. Kxg2 Rxd4 16. Qf3 Qd8 17. Ne5 Qe8 18. Nb5 Qxb5 19. Qxa8+ Bf8 20. Qf3 Qd5
21. Be3 Qxf3+ 22. Kxf3 Rd8 23. Nc6 Ra8 24. Rfd1 Nd5 25. Rac1 Bd6 26. f5 a5 27.
Nd4 Re8 28. fxe6 fxe6 29. Bf2 Rf8+ 30. Kg2 Bc5 31. Rxc5 bxc5 32. Nxe6 Rf5 33.
Bxc5 c6 34. Rf1 Ne3+ 35. Bxe3 Rxf1 36. Kxf1 1-0

[Event "Mechanics' Spring TNM; 30/90, SD/30"]
[Site "San Francisco"]
[Date "2013.04.02"]
[Round "3.26"]
[White "Solomonik, Edgar"]
[Black "Rosenstein, Perry"]
[Result "1-0"]
[WhiteElo "1779"]
[BlackElo "1513"]
[PlyCount "55"]
[EventDate "2013.??.??"]

1. d4 d5 2. c4 c6 3. Nc3 Nf6 4. Nf3 Bf5 5. Qb3 Qb6 6. Qxb6 axb6 7. cxd5 cxd5 8.
Bf4 e6 9. e3 Bb4 10. Bb5+ Nfd7 11. Bxb8 Rxb8 12. Ne5 Rd8 13. Nxd7 Rxd7 14. a3
Bxc3+ 15. bxc3 Ke7 16. Bxd7 Kxd7 17. Kd2 Rc8 18. Rhe1 Kd6 19. f3 f6 20. e4 dxe4
21. fxe4 Bg6 22. e5+ Kd5 23. exf6 gxf6 24. Re3 Rc6 25. Rae1 b5 26. g4 Ra6 27.
h4 Rxa3 28. c4+ 1-0